000 00630nam a22002177a 4500
003 OSt
005 20140310182103.0
008 130823t xxu||||| |||| 00| 0 eng d
020 _a9780823934973
050 _aRA 644.L23
_b.D47 2002
082 _aHS 644
_bD34 2002
100 _aSusie, Derkins
_912868
245 _aLegionnaire's disease /
_cSusie Derkins.
250 _a1st Ed.
260 _aNew York, NY :
_bRosen Pub. Group,
_c2002.
300 _a64 p. :
_bcol. ill. ;
_c25 cm.
600 _aSusie, Derkins
_912869
650 _a Legionnaire's disease
_xJuvenile literature.
_912870
942 _2lcc
_cHS
999 _c9227
_d9227